Viva más sano y más feliz = (Record no. 78402)

MARC details
000 -LEADER
campo de control de longitud fija 00645nam a2200205 i 4500
001 - NÚMERO DE CONTROL
campo de control 78402
003 - IDENTIFICADOR DE NÚMERO DE CONTROL
campo de control ES-MaACL
005 - FECHA Y HORA DE LA ÚLTIMA TRANSACCIÓN
campo de control 20230906173705.0
007 - CAMPO FIJO DE DESCRIPCIÓN FÍSICA--INFORMACIÓN GENERAL
campo de control de longitud fija t|
008 - DATOS DE LONGITUD FIJA--INFORMACIÓN GENERAL
campo de control de longitud fija 041014s1954 sp ||||1| spa d
100 1# - ENTRADA PRINCIPAL--NOMBRE DE PERSONA
Nombre de persona Hauser, Gayelord.
9 (RLIN) 62112
245 10 - MENCIÓN DEL TÍTULO
Título Viva más sano y más feliz =
Resto del título (Be happier, be healthier) /
Mención de responsabilidad, etc. Gayelord Hauser ; [traducción de José Miguel Velloso].
246 3# - FORMA VARIANTE DEL TITULO
Título propio/Titulo breve Be happier, be healthier
250 ## - MENCION DE EDICION
Mención de edición 1ª ed.
260 ## - PUBLICACIÓN, DISTRIBUCIÓN, ETC.
Lugar de publicación, distribución, etc. Barcelona :
Nombre del editor, distribuidor, etc. Juventud,
Fecha de publicación, distribución, etc. 1954 (
Fabricante Atenas)
300 ## - DESCRIPCIÓN FÍSICA
Extensión 204 p. :
Otras características físicas il. ;
Dimensiones 22 cm.
650 #4 - PUNTO DE ACCESO ADICIONAL DE MATERIA--TÉRMINO DE MATERIA
Término de materia o nombre geográfico como elemento de entrada Higiene.
9 (RLIN) 13347
700 1# - ENTRADA AGREGADA--NOMBRE PERSONAL
Nombre de persona Velloso, José Miguel.
9 (RLIN) 113857
852 ## - LOCALIZACIÓN
Ubicación ES-MaACL
Número de control de estantería C-9104
Holdings
Estatus retirado Estado de pérdida Estado de daño No para préstamo Biblioteca de origen Biblioteca actual Ubicación en estantería Fecha de adquisición Fuente de adquisición Total de préstamos Signatura topográfica completa Código de barras Visto por última vez Precio de reemplazo Tipo de ítem Koha
        Biblioteca del Ateneo de Madrid Biblioteca del Ateneo de Madrid Sala Palomar 17/01/2008     C-9104 1082009 23/02/2023 23/02/2023 Libro impreso